[Beckovský slovenský spevník]

Kancionál so slovenskými a latinskými duchovnými piesňami a áriami

Bibliographic Details
Main Author: Bajan, Paulín, 1721-1792 (Author)
Format: Musical Score Book
Language:Slovak
Latin
PhysicalDescription:352 strán rukopis, noty 23 cm
Published: [Beckov] 1758
Subjects:

MARC

LEADER 00000ndmaa2200000 a 4500
001 vtls011980423
003 SK-MaSNL
005 20260302023810.0
007 qu
008 251021s1758 xo sg df | | ||slo
035 |a urn:nbn:sk:snk-dm00fijg 
035 |a C8618102-7DF1-4C0A-AC1F-6383CF2BCF1E 
035 |a urn:nbn:sk:snk-tm3n4a7 
040 |a SNKLA  |b slo  |c SNKLA  |e AACR2 
041 0 |a slo  |a lat 
044 |a xo  |c SK 
072 7 |a 783  |x Cirkevná hudba. Duchovná hudba. Náboženská hudba  |2 konspekt 
080 |a 783.6  |2 2011 
080 |a (0:82-192)  |2 2011 
080 |a 025.171  |2 2011 
100 1 |a Bajan, Paulín,  |d 1721-1792  |4 aut  |9 36880 
245 1 0 |a [Beckovský slovenský spevník]  |c Paulinus Bajan 
260 |a [Beckov]  |c 1758 
300 |a 352 strán  |b rukopis, noty  |c 23 cm 
500 |a pre spev a organ 
520 2 |a Kancionál so slovenskými a latinskými duchovnými piesňami a áriami 
546 |a Napísané slovensky a latinsky 
561 |a Okrúhla pečiatka: Pečať kláštora františk... Pruské 
610 2 7 |a Františkáni  |b Salvatoriánska provincia  |2 SNKKA  |9 174798 
610 2 7 |a Farský kostol sv. Štefana, kráľa (Beckov, Slovensko)  |2 SNKKA  |9 671027 
650 0 7 |a duchovné piesne  |2 SNKPH  |9 1928 
650 0 7 |a kancionály  |2 SNKPH  |9 200885 
655 7 |a spev a organ  |2 SNKPH  |9 367898 
655 7 |a spevníky  |2 SNKPH  |9 70506 
655 7 |a rukopisy  |2 SNKPH  |9 70548 
852 |a Slovenská národná knižnica  |b Literárny archív 
958 |a HFZ 
958 |a BLA 
999 |c 1037981  |d 1039911 
952 |a SNKLA  |b SNKLA  |c SNKLA_DEP  |y NEVYP  |7 0  |p 17A1229552  |o snkA XXXVIII/2 – 58  |0 0  |1 0  |4 0  |d 2020-07-08  |f 1  |l 0  |r 2026-02-24 14:14:53  |w 2026-02-24